|
|
|
|
| LEADER |
02610nam a2200661 a 4500 |
| 001 |
nkc20112236853 |
| 003 |
CZ PrNK |
| 005 |
20210313183836.0 |
| 007 |
ta |
| 008 |
111017s2011 xr abc e 000 0 cze |
| 015 |
|
|
|a cnb002236853
|
| 020 |
|
|
|a 978-80-7325-254-0
|q (brož.) :
|c neprodejné
|
| 035 |
|
|
|a (OCoLC)768559239
|
| 040 |
|
|
|a BOA001
|b cze
|d ABA001
|
| 041 |
0 |
|
|a cze
|a slo
|b eng
|
| 043 |
|
|
|a e------
|a e-xr---
|
| 045 |
|
|
|a y0y1
|
| 072 |
|
7 |
|a 339.7/.9
|x Světová ekonomika a mezinárodní finance
|2 Konspekt
|9 4
|
| 080 |
|
|
|a 336.743(4)
|2 MRF
|
| 080 |
|
|
|a 339.738
|2 MRF
|
| 080 |
|
|
|a 336.74:338.23
|2 MRF
|
| 080 |
|
|
|a 336.7:338.124.4
|2 MRF
|
| 080 |
|
|
|a 338.124.4
|2 MRF
|
| 080 |
|
|
|a 338.2
|2 MRF
|
| 080 |
|
|
|a (4)
|2 MRF
|
| 080 |
|
|
|a (437.3)
|2 MRF
|
| 080 |
|
|
|a (082)
|2 MRF
|
| 245 |
0 |
0 |
|a Euro versus koruna :
|b kdy to praskne? /
|c Ivana Pečinková (ed.)
|
| 250 |
|
|
|a 3., rozš. vyd.
|
| 260 |
|
|
|a Brno :
|b Centrum pro studium demokracie a kultury,
|c 2011
|
| 300 |
|
|
|a 327 s. :
|b il., 1 mapa, portréty ;
|c 24 cm
|
| 500 |
|
|
|a Vydáno ve spolupráci se Skupinou Evropských konzervativců a reformistů
|
| 504 |
|
|
|a Obsahuje bibliografické odkazy
|
| 546 |
|
|
|a Část. slovenský text, anglické resumé
|
| 648 |
|
7 |
|a 21. století
|7 ch460559
|2 czenas
|
| 648 |
|
4 |
|a 2010-2011
|
| 650 |
0 |
7 |
|a euro
|7 ph120033
|2 czenas
|
| 650 |
0 |
7 |
|a měnové unie
|7 ph123096
|z Evropa
|2 czenas
|
| 650 |
0 |
7 |
|a měnová politika
|7 ph115398
|z Česko
|2 czenas
|
| 650 |
0 |
7 |
|a finanční krize
|7 ph257893
|z země Evropské unie
|y 21. století
|2 czenas
|
| 650 |
0 |
7 |
|a hospodářská krize
|7 ph120819
|z země Evropské unie
|y 21. století
|2 czenas
|
| 650 |
0 |
7 |
|a hospodářská politika
|7 ph114701
|z země Evropské unie
|2 czenas
|
| 650 |
0 |
9 |
|a euro
|2 eczenas
|
| 650 |
0 |
9 |
|a monetary unions
|z Europe
|2 eczenas
|
| 650 |
0 |
9 |
|a monetary policy
|z Czechia
|2 eczenas
|
| 650 |
0 |
9 |
|a financial crises
|z European Union countries
|y 21st century
|2 eczenas
|
| 650 |
0 |
9 |
|a economic crises
|z European Union countries
|y 21st century
|2 eczenas
|
| 650 |
0 |
9 |
|a economic policy
|z European Union countries
|2 eczenas
|
| 655 |
|
7 |
|a sborníky
|7 fd163935
|2 czenas
|
| 655 |
|
9 |
|a papers
|2 eczenas
|
| 700 |
1 |
|
|a Pečinková, Ivana,
|d 1965-
|7 mzk2007401202
|4 edt
|
| 910 |
2 |
|
|a BOA001
|b 2-1270.927
|
| 928 |
9 |
|
|a Skupina Evropských konzervativců a reformistů (EKR)
|
| 990 |
|
|
|a BK
|
| 995 |
|
|
|a 01
|
| 991 |
|
|
|b 201111
|c NOV
|j 339.7/.9 EUR
|e n
|
| 996 |
6 |
|
|b 2610491536
|c 2-1270.927
|l MZK
|r Sklad / do 1 hodiny
|n 2
|p p.v.
|w 001209305
|u 000010
|a 1
|e BOA001
|j MZK50
|s P
|
| 996 |
7 |
|
|b 2610491537
|c 2-1270.927
|l MZK
|r Sklad / do 1 hodiny
|n 31
|p p.v.
|w 001209305
|u 000020
|a 1
|e BOA001
|j MZK50
|s A
|